Light in architecture / (Record no. 353761)
[ view plain ]
| 000 -LEADER | |
|---|---|
| fixed length control field | 01630nam a2200289 a 4500 |
| 001 - CONTROL NUMBER | |
| control field | ASIN303768092X |
| 003 - CONTROL NUMBER IDENTIFIER | |
| control field | OSt |
| 005 - DATE AND TIME OF LATEST TRANSACTION | |
| control field | 20180116192417.0 |
| 008 - FIXED-LENGTH DATA ELEMENTS--GENERAL INFORMATION | |
| fixed length control field | 130726s2011 xxu eng d |
| 020 ## - INTERNATIONAL STANDARD BOOK NUMBER | |
| International Standard Book Number | 303768092X (hardcover) |
| Terms of availability | $99.95 |
| 020 ## - INTERNATIONAL STANDARD BOOK NUMBER | |
| International Standard Book Number | 9783037680926 (hardcover) |
| 040 ## - CATALOGING SOURCE | |
| Transcribing agency | 00 |
| 050 04 - LIBRARY OF CONGRESS CALL NUMBER | |
| Classification number | NA2794 |
| 082 04 - DEWEY DECIMAL CLASSIFICATION NUMBER | |
| Classification number | 729.28 |
| 100 1# - MAIN ENTRY--PERSONAL NAME | |
| Personal name | Uffelen, Chris van. |
| 9 (RLIN) | 6804 |
| 245 10 - TITLE STATEMENT | |
| Title | Light in architecture / |
| Statement of responsibility, etc. | Chris van Uffelen. |
| 260 ## - PUBLICATION, DISTRIBUTION, ETC. | |
| Place of publication, distribution, etc. | : |
| Name of publisher, distributor, etc. | Braun Publish,Csi, |
| Date of publication, distribution, etc. | 2012. |
| 300 ## - PHYSICAL DESCRIPTION | |
| Extent | 424 p. ; |
| Dimensions | 31 cm. |
| 490 1# - SERIES STATEMENT | |
| Series statement | Architecture in focus. |
| 520 ## - SUMMARY, ETC. | |
| Summary, etc. | Light is the prerequisite for spatial perception, which is why it is an integral component of architecture. Light design in architecture has become more lively and also more colourful in the last few years. The projects selected here show how good architecture is improved with the right light. With interior design, the purpose of the introduction of natural light and the use of artificial light is to create a spatial experience: certain areas are accentuated, spatial units are defined and differing atmospheres are established. Illumination also plays a role with exteriors, not just at night. In addition to the form emphasizing role of light, a striking illumination can lend the building an emblematic uniqueness. |
| 650 #0 - SUBJECT ADDED ENTRY--TOPICAL TERM | |
| Topical term or geographic name entry element | Light in architecture |
| 9 (RLIN) | 6805 |
| 650 #0 - SUBJECT ADDED ENTRY--TOPICAL TERM | |
| Topical term or geographic name entry element | Lighting, Architectural and decorative |
| 9 (RLIN) | 6806 |
| 830 #0 - SERIES ADDED ENTRY--UNIFORM TITLE | |
| Uniform title | Architecture in focus. |
| 9 (RLIN) | 6807 |
| 856 40 - ELECTRONIC LOCATION AND ACCESS | |
| Materials specified | Amazon.com |
| Uniform Resource Identifier | <a href="http://www.amazon.com/exec/obidos/ASIN/303768092X/chopaconline-20">http://www.amazon.com/exec/obidos/ASIN/303768092X/chopaconline-20</a> |
| 942 ## - ADDED ENTRY ELEMENTS (KOHA) | |
| Source of classification or shelving scheme | |
| Koha item type | Book |
| Withdrawn status | Lost status | Source of classification or shelving scheme | Damaged status | Not for loan | Permanent Location | Current Location | Date acquired | Total Checkouts | Total Renewals | Full call number | Barcode | Date last seen | Date last checked out | Cost, replacement price | Price effective from | Koha item type |
|---|---|---|---|---|---|---|---|---|---|---|---|---|---|---|---|---|
| School of Art Design and Architecture (SADA) | School of Art Design and Architecture (SADA) | 06/20/2013 | 4 | 2 | 729.28 UFF 2012 | SADA0002070 | 11/17/2015 | 11/13/2015 | 9698.22 | 07/30/2013 | Book |
